Earth & Space 2006 : Engineering, Construction, and Operations in Challenging Environment /

Bibliographic Details
Other Authors: Malla, Ramesh B., Binienda, Wieslaw K., Maji, Arup
Format: eBook
Published: Reston, VA : American Society of Civil Engineers, 2006.
Subjects:
Online Access:Connect to the full text of this electronic book

MARC

Tag First Indicator Second Indicator Subfields
LEADER 00000cam a22000005u 4500
001 in00002787065
005 20190331170712.0
006 m o d
007 cr nn 008mam|a
008 060427t2006 gw fo || 0 0 |||||
020 |a 9780784408308 
035 |a (American Society of Civil Eng)10.1061/9780784408308 
040 |d UtOrBLW 
245 0 0 |a Earth & Space 2006 :  |b Engineering, Construction, and Operations in Challenging Environment /  |c Edited by Ramesh B. Malla, Wieslaw K. Binienda, Arup K. Maji. 
264 1 |a Reston, VA :  |b American Society of Civil Engineers,  |c 2006. 
300 |a 1 online resource. 
336 |a text  |b txt  |2 rdacontent 
337 |a computer  |b c  |2 rdamedia 
338 |a online resource  |b cr  |2 rdacarrier 
500 |a Electronic resource. 
653 |a Proceedings  |a Aerospace Division  |a Aerospace engineering  |a Available in Print 
655 7 |a Electronic books.  |2 local 
700 1 |a Malla, Ramesh B. 
700 1 |a Binienda, Wieslaw K. 
700 1 |a Maji, Arup. 
730 0 |a ASCE Library. 
856 4 0 |u http://proxy.library.tamu.edu/login?url=http://ascelibrary.org/action/showBook?doi=10.1061%2F9780784408308  |z Connect to the full text of this electronic book  |t 0 
999 |a MARS 
999 f f |s d95f7e73-f29f-3dbe-8d8e-294f6f08cc96  |i 14b60f5e-8f49-3ab0-8c88-7771697d7b5a  |t 0 
952 f f |a Texas A&M University  |b College Station  |c Electronic Resources  |d Available Online  |t 0  |h No information provided 
998 f f |t 0  |l Available Online